Loading...
| Current Events | 2 | 10.00 | 100% | 0% | 0% |
| Fine Arts - Classical Music | 3 | 6.67 | 67% | 0% | 0% |
| Fine Arts - Other | 5 | 8.00 | 80% | 0% | 0% |
| Fine Arts - Painting and Sculpture | 4 | 5.00 | 50% | 0% | 0% |
| History - American | 2 | 5.00 | 50% | 0% | 0% |
| History - European | 5 | 16.00 | 100% | 40% | 20% |
| History - Other | 2 | 20.00 | 100% | 50% | 50% |
| History - World | 5 | 20.00 | 100% | 60% | 40% |
| Literature - American | 3 | 0.00 | 0% | 0% | 0% |
| Literature - British | 3 | 10.00 | 67% | 33% | 0% |
| Literature - European | 3 | 13.33 | 100% | 33% | 0% |
| Literature - World | 3 | 13.33 | 100% | 33% | 0% |
| Mythology | 1 | 10.00 | 0% | 100% | 0% |
| Other Academic | 1 | 10.00 | 100% | 0% | 0% |
| Philosophy | 5 | 10.00 | 80% | 20% | 0% |
| Religion | 8 | 12.50 | 75% | 25% | 25% |
| Science - Biology | 1 | 10.00 | 100% | 0% | 0% |
| Science - Chemistry | 5 | 8.00 | 60% | 20% | 0% |
| Science - Other | 2 | 15.00 | 100% | 50% | 0% |
| Science - Physics | 4 | 10.00 | 75% | 25% | 0% |
| Social Science | 5 | 8.00 | 80% | 0% | 0% |